<?xml version="1.0" encoding="UTF-8"?>
<record
    xmlns:xsi="http://www.w3.org/2001/XMLSchema-instance"
    xsi:schemaLocation="http://www.loc.gov/MARC21/slim http://www.loc.gov/standards/marcxml/schema/MARC21slim.xsd"
    xmlns="http://www.loc.gov/MARC21/slim">

  <leader>01587nam a2200289uu 4500</leader>
  <controlfield tag="001">1306647</controlfield>
  <controlfield tag="005">20260508075211.0</controlfield>
  <controlfield tag="008">121121e20121121   ||||||m|         spa  </controlfield>
  <datafield tag="035" ind1=" " ind2=" ">
    <subfield code="a">1306647</subfield>
  </datafield>
  <datafield tag="040" ind1=" " ind2=" ">
    <subfield code="c">comduadb</subfield>
  </datafield>
  <datafield tag="041" ind1=" " ind2=" ">
    <subfield code="a">spa</subfield>
  </datafield>
  <datafield tag="082" ind1=" " ind2="4">
    <subfield code="a">530</subfield>
  </datafield>
  <datafield tag="100" ind1="1" ind2="0">
    <subfield code="a">Guti&#xE9;rrez Garc&#xE9;s, Ricardo</subfield>
    <subfield code="4">aut</subfield>
    <subfield code="e">aut</subfield>
    <subfield code="9">668101</subfield>
  </datafield>
  <datafield tag="245" ind1="1" ind2="0">
    <subfield code="a">Reconstrucci&#xF3;n de experimentos hist&#xF3;ricos en la ense&#xF1;anza de la f&#xED;sica</subfield>
  </datafield>
  <datafield tag="260" ind1=" " ind2=" ">
    <subfield code="a">Medell&#xED;n :</subfield>
    <subfield code="b">[sin publicador],</subfield>
    <subfield code="c">2008.</subfield>
  </datafield>
  <datafield tag="300" ind1=" " ind2=" ">
    <subfield code="a">79 p&#xE1;ginas :</subfield>
    <subfield code="b">ilustraciones</subfield>
  </datafield>
  <datafield tag="520" ind1="3" ind2=" ">
    <subfield code="a">La reconstrucci&#xF3;n de experimentos hist&#xF3;ricos en la ensenanza de la f&#xED;sica nace d ela necesidad did&#xE1;ctica de acercarse a esta ciencia de una manera diferente, articulando otras &#xE1;reas del conocimiento. Se retoman experimentos significativos en la historia de la f&#xED;sica, leyendo los textos originales de Arqu&#xED;medes, Galileo, Pascal, Torricellu y Faraday, reconstruy&#xE9;ndolos con materiales accesibles que permiten su uso en las instituciones educativas, ajustando y elaborando su realizaci&#xF3;n con el acompa&#xF1;amiento de maestros y grupos de estudiantes en diversas instituciones educativas y lugares p&#xFA;blicos.</subfield>
  </datafield>
  <datafield tag="600" ind1="1" ind2="4">
    <subfield code="a">Galilei, Galileo,</subfield>
    <subfield code="d">1564-1642</subfield>
    <subfield code="x">Pensamiento cient&#xED;fico</subfield>
    <subfield code="9">861886</subfield>
  </datafield>
  <datafield tag="650" ind1=" " ind2=" ">
    <subfield code="a">Experimentos de fisica</subfield>
    <subfield code="9">2782</subfield>
  </datafield>
  <datafield tag="650" ind1=" " ind2=" ">
    <subfield code="a">Arquimedes</subfield>
    <subfield code="9">10007</subfield>
  </datafield>
  <datafield tag="650" ind1=" " ind2=" ">
    <subfield code="a">Faraday, Michael, 1791-1867</subfield>
    <subfield code="9">38187</subfield>
  </datafield>
  <datafield tag="650" ind1=" " ind2="7">
    <subfield code="a">Arte y ciencia</subfield>
    <subfield code="2">lemb</subfield>
    <subfield code="9">37991</subfield>
  </datafield>
  <datafield tag="650" ind1=" " ind2=" ">
    <subfield code="a">Pascal, Blaise, 1623-1662 - Pensamiento cient&#xED;fico</subfield>
    <subfield code="9">83247</subfield>
  </datafield>
  <datafield tag="650" ind1=" " ind2="7">
    <subfield code="a">F&#xED;sica</subfield>
    <subfield code="x">Ense&#xF1;anza</subfield>
    <subfield code="2">lemb</subfield>
    <subfield code="9">7174</subfield>
  </datafield>
  <datafield tag="700" ind1="1" ind2="0">
    <subfield code="a">Monsalve G&#xF3;mez, Miguel</subfield>
    <subfield code="4">ths</subfield>
    <subfield code="e">ths</subfield>
    <subfield code="9">668102</subfield>
  </datafield>
  <datafield tag="942" ind1=" " ind2=" ">
    <subfield code="c">BOOK</subfield>
  </datafield>
  <datafield tag="999" ind1=" " ind2=" ">
    <subfield code="c">629085</subfield>
    <subfield code="d">629085</subfield>
  </datafield>
  <datafield tag="952" ind1=" " ind2=" ">
    <subfield code="0">0</subfield>
    <subfield code="1">0</subfield>
    <subfield code="4">0</subfield>
    <subfield code="7">0</subfield>
    <subfield code="8">TESISBC</subfield>
    <subfield code="a">BC</subfield>
    <subfield code="b">BC</subfield>
    <subfield code="d">2012-11-21</subfield>
    <subfield code="e">Material adquirido por donaci&#xF3;n</subfield>
    <subfield code="i">C1162863</subfield>
    <subfield code="l">0</subfield>
    <subfield code="o">530.0724 G984</subfield>
    <subfield code="p">87660</subfield>
    <subfield code="r">2023-05-02 00:00:00</subfield>
    <subfield code="t">1</subfield>
    <subfield code="w">2023-05-02</subfield>
    <subfield code="y">TESIS</subfield>
  </datafield>
</record>
